Požadavky na adaptaci ekonomiky v nejbližších letech.

Úspešnosť reformy a dĺžka transformačného procesu a udržanie sociálneho konsenzu závisí od adaptácie podnikovej sféry. Doterajšia miera adaptácie podnikovej sféry nie je uspokojivá. Skúmanie adaptácie v priemyselných podnikoch v r. 1991. Pokles v odbyte, v produktivite práce, pokles rentability a vý...

Descrizione completa

Salvato in:
Dettagli Bibliografici
Autore principale: Zima, Z.
Natura: Capitolo di libro
Lingua:ceco
Soggetti:
Tags: Aggiungi Tag
Nessun Tag, puoi essere il primo ad aggiungerne!!

MARC

LEADER 00000naa a2200000 4500
001 r010041
005 20220831090538.9
041 0 |a cze 
044 |a [CS] 
245 1 0 |a Požadavky na adaptaci ekonomiky v nejbližších letech.  |c Z. Zima 
520 |a Úspešnosť reformy a dĺžka transformačného procesu a udržanie sociálneho konsenzu závisí od adaptácie podnikovej sféry. Doterajšia miera adaptácie podnikovej sféry nie je uspokojivá. Skúmanie adaptácie v priemyselných podnikoch v r. 1991. Pokles v odbyte, v produktivite práce, pokles rentability a výnosu kapitálu. 
610 2 0 |a reformy hospodárske 
610 2 0 |a transformácia 
610 2 0 |a podnik 
610 2 0 |a adaptácia 
610 2 0 |a podnik priemyselný 
610 2 0 |a analýza ekonomická 
610 2 0 |a 1991 
610 2 0 |a odbyt 
610 2 0 |a produktivita práce 
610 2 0 |a rentabilita podniku 
610 2 0 |a ČSFR 
100 1 |a Zima, Z.